000 01219nam a2200229Ia 4500
001 L248-14982
003 IT-CnALBA
008 170116s9999||||xx |||||||||||||| ||und||
040 _aIT-CnALBA
_cIT-CnALBA
041 _aITALIANO
100 _aLOUVIGNI GIO. BERNIERES.
245 0 _aLA VITA NASCOSTA CON CRISTO IN DIO. RACCOLTA DI SCRITTI.
250 _a1a ed.
260 _a NOVARA
_bRUSCONI PASQUALE - NOVARA. (1846).
_c1846 [1° Ed.: n.d.]
300 _a261 p.
500 _aTRADUZIONE DAL TEDESCO DI UN PROTESTANTE CONVERTITO. PRESENZA IN DIO. ABBANDONO IN LUI. SOLITUDINE IN DIO. PUREZZA. FEDELTÀ. SOFFERENZE. FIDUCIA. RIVERENZA PER LA PRESENZA. VOLONTÀ DI DIO. VITA CRISTIANA. FELICITÀ. S. COMUNIONE. MASSIME SPIRITUALI. TRADUT
501 _aSocietà San Paolo EM - Piazza San Paolo, 14 - 12051 ALBA (CN) (non commercial uses only) ® Copyright 2017
520 _aTRADUZIONE DAL TEDESCO DI UN PROTESTANTE CONVERTITO. PRESENZA IN DIO. ABBANDONO IN LUI. SOLITUDINE IN DIO. PUREZZA. FEDELTÀ. SOFFERENZE. FIDUCIA. RIVERENZA PER LA PRESENZA. VOLONTÀ DI DIO. VITA CRISTIANA. FELICITÀ. S. COMUNIONE. MASSIME SPIRITUALI. TRADUT
650 _aASCETICA E MISTICA
942 _cBK
957 _71
999 _a19732
_bSI
_g Copie: 1
_c274151
_d274151